<?xml version="1.0" encoding="UTF-8"?>
<collection xmlns="http://www.loc.gov/MARC21/slim">
<record>
  <controlfield tag="001">756332</controlfield>
  <controlfield tag="005">20250930102056.0</controlfield>
  <datafield tag="024" ind1="7" ind2=" ">
    <subfield code="2">HBZ</subfield>
    <subfield code="a">HT019948996</subfield>
  </datafield>
  <datafield tag="024" ind1="7" ind2=" ">
    <subfield code="2">Laufende Nummer</subfield>
    <subfield code="a">37785</subfield>
  </datafield>
  <datafield tag="024" ind1="7" ind2=" ">
    <subfield code="2">datacite_doi</subfield>
    <subfield code="a">10.18154/RWTH-2019-02369</subfield>
  </datafield>
  <datafield tag="037" ind1=" " ind2=" ">
    <subfield code="a">RWTH-2019-02369</subfield>
  </datafield>
  <datafield tag="041" ind1=" " ind2=" ">
    <subfield code="a">German</subfield>
  </datafield>
  <datafield tag="082" ind1=" " ind2=" ">
    <subfield code="a">610</subfield>
  </datafield>
  <datafield tag="100" ind1="1" ind2=" ">
    <subfield code="0">P:(DE-588)1177258455</subfield>
    <subfield code="a">Hommes, Franziska</subfield>
    <subfield code="b">0</subfield>
    <subfield code="u">rwth</subfield>
  </datafield>
  <datafield tag="245" ind1=" " ind2=" ">
    <subfield code="a">Humanitäre Hilfe und Entwicklungszusammenarbeit im Wandel - eine Analyse von Diskursen und Aktivitäten deutscher Hilfsorganisationen im Gesundheitsbereich seit 1970</subfield>
    <subfield code="h">online</subfield>
  </datafield>
  <datafield tag="246" ind1=" " ind2="3">
    <subfield code="a">Humanitarian aid and development cooperation changing over time in change - an analysis of discourses and activities of German aid organizations in the health sector since the 1970s</subfield>
    <subfield code="y">English</subfield>
  </datafield>
  <datafield tag="260" ind1=" " ind2=" ">
    <subfield code="a">Aachen</subfield>
    <subfield code="c">2018</subfield>
  </datafield>
  <datafield tag="260" ind1=" " ind2=" ">
    <subfield code="c">2019</subfield>
  </datafield>
  <datafield tag="336" ind1="7" ind2=" ">
    <subfield code="0">2</subfield>
    <subfield code="2">EndNote</subfield>
    <subfield code="a">Thesis</subfield>
  </datafield>
  <datafield tag="336" ind1="7" ind2=" ">
    <subfield code="0">PUB:(DE-HGF)11</subfield>
    <subfield code="2">PUB:(DE-HGF)</subfield>
    <subfield code="a">Dissertation / PhD Thesis</subfield>
    <subfield code="b">phd</subfield>
    <subfield code="m">phd</subfield>
  </datafield>
  <datafield tag="336" ind1="7" ind2=" ">
    <subfield code="2">BibTeX</subfield>
    <subfield code="a">PHDTHESIS</subfield>
  </datafield>
  <datafield tag="336" ind1="7" ind2=" ">
    <subfield code="2">DRIVER</subfield>
    <subfield code="a">doctoralThesis</subfield>
  </datafield>
  <datafield tag="336" ind1="7" ind2=" ">
    <subfield code="2">DataCite</subfield>
    <subfield code="a">Output Types/Dissertation</subfield>
  </datafield>
  <datafield tag="336" ind1="7" ind2=" ">
    <subfield code="2">ORCID</subfield>
    <subfield code="a">DISSERTATION</subfield>
  </datafield>
  <datafield tag="500" ind1=" " ind2=" ">
    <subfield code="a">Erratum: Redaktionelle Änderung der Institutsbezeichnung auf der Titelseite. - Veröffentlicht auf dem Publikationsserver der RWTH Aachen University</subfield>
  </datafield>
  <datafield tag="502" ind1=" " ind2=" ">
    <subfield code="a">Dissertation, Rheinisch-Westfälische Technische Hochschule Aachen, 2018</subfield>
    <subfield code="b">Dissertation</subfield>
    <subfield code="c">Rheinisch-Westfälische Technische Hochschule Aachen</subfield>
    <subfield code="d">2018</subfield>
    <subfield code="g">Fak10</subfield>
    <subfield code="o">2018-12-19</subfield>
  </datafield>
  <datafield tag="520" ind1="3" ind2=" ">
    <subfield code="a">Gegenstand dieser Arbeit sind Diskurse und Aktivitäten deutscher Hilfsorganisationen im Gesundheitsbereich seit den 1970er Jahren vor dem Hintergrund des konzeptionellen Wandels in der Humanitären Hilfe und Entwicklungszusammenarbeit (EZ). Bei den untersuchten Hilfsorganisationen handelt es sich um Cap Anamur, das Deutsche Rote Kreuz (DRK) und medico international. Das Selbstverständnis, die Grundsätze und Motive zur Leistung internationaler Gesundheitsarbeit, die Konzeption und Inhalte der Projekte prägten, unterschieden sich zwischen den untersuchten Hilfsorganisationen erheblich und veränderten sich auch innerhalb der Organisationen. Medico international hat einen deutlichen Wandel von der Gründung als humanitäre Hilfsorganisation mit Fokus auf Katastrophenhilfe bis hin zum aktuellen Selbstverständnis als in globalen Netzwerken agierende Entwicklungs- und Menschenrechtsorganisation durchlaufen. Cap Anamur und das DRK wiesen Veränderungen auf anderen Ebenen, wie der Erweiterung des Einsatzspektrums, auf, wobei die primäre Ausrichtung auf Humanitäre Hilfe bestehen blieb. Das Verhältnis zwischen humanitärer Gesundheitsarbeit und Politik stellte zunehmend eine Herausforderung für Hilfsorganisationen dar, die sich in diesem Spannungsfeld positionieren müssen. Insbesondere das DRK musste in politischen Konfliktsituationen Neutralität als zentralen Grundsatz der Organisation verteidigen. Die Frage der Abgrenzung zwischen Humanitärer Nothilfe und EZ im Gesundheitsbereich war für die untersuchten Hilfsorganisationen von großer Bedeutung. Während bis in die 1990er Jahre eine eher klare Trennung zwischen Humanitärer Hilfe und EZ bestand, entwickelten sich mit dem, Mitte der 1990er Jahre etablierten, Konzept linking relief, rehabilitation and development (LRRD), stärker integrierte Ansätze. Die Analyse hat gezeigt, dass sich dabei innerhalb der jeweiligen Organisationen Verschiebungen in der Schwerpunktsetzung ergeben haben und dass neben Humanitärer Hilfe die Leistung langfristiger EZ-Maßnahmen als verbindendes Element existierte. Der Vergleich zentraler Aspekte der operativen Arbeit, wie wichtige Projektinhalte, Anforderungen an das entsandte Personal und Unterschiede in den Arbeitsansätzen, zeigten Charakteristika der untersuchten Akteure auf und ordneten diese in einen größeren entwicklungspolitischen und historischen Kontext ein. Die Ergebnisse der Untersuchung machten des Weiteren deutlich, wie weitreichende Veränderungen des globalen Mehrebenensystems adäquate Ansätze der Hilfe und Zusammenarbeit auf internationaler Ebene erfordern - dies schlägt die Brücke vom historischen Untersuchungsgegenstand hin zu aktuellen und zukünftigen Herausforderungen der Humanitären Hilfe und EZ.</subfield>
    <subfield code="l">ger</subfield>
  </datafield>
  <datafield tag="520" ind1=" " ind2=" ">
    <subfield code="a">This thesis sets out discourses and activities of German aid organizations in the health sector since the 1970s against the background of changes in humanitarian aid and development cooperation (DC). The analysed aid organizations were Cap Anamur, the German Red Cross (GRC) and medico international. The self-perception, principles and motivation to provide international health care, which shaped concepts and contents of projects, both differed significantly across and changed within the assessed aid organizations over time. Medico international has undergone a significant change as organization, which was founded as humanitarian aid organization with disaster response as its key pillar and nowadays considers itself as a global development and human rights organization. Cap Anamur and the GRC showed changes on different levels, like the extension of scope of their activity, whereas their core focus remained on humanitarian aid. The relationship between humanitarian health care and politics became an increasing challenge for aid organizations, which need to position themselves within this tension field. In political conflicts, especially the GRC needed to defend neutrality as its core organizational principle. The issue of a distinction between humanitarian aid and DC in the health sector was of great importance for the analysed aid organizations. Whereas a rather clear boundary between humanitarian aid and DC existed from the 1970s to the 1990s, more integrated approaches developed with the concept of linking relief, rehabilitation and development (LRRD), which was established in the middle of the 1990s. The analysis showed internal shifts within the organizations’ priorities and also that long-term development cooperation was a binding element besides humanitarian aid. The comparison of core elements of operational work, such as important project contents, requirements for posted personnel and conflicts during a specific project, demonstrated characteristics of the analysed actors and set these in a larger developmental and historical context. Moreover, the research results illustrated how extensive changes in the global health governance system require adequate approaches for aid and cooperation at a global scale - thereby building a bridge from the historical context to current as well as future challenges in humanitarian aid and development cooperation.</subfield>
    <subfield code="l">eng</subfield>
  </datafield>
  <datafield tag="591" ind1=" " ind2=" ">
    <subfield code="a">Germany</subfield>
  </datafield>
  <datafield tag="653" ind1=" " ind2="7">
    <subfield code="a">Entwicklungszusammenarbeit</subfield>
  </datafield>
  <datafield tag="653" ind1=" " ind2="7">
    <subfield code="a">Gesundheit</subfield>
  </datafield>
  <datafield tag="653" ind1=" " ind2="7">
    <subfield code="a">Humanitäre Hilfe</subfield>
  </datafield>
  <datafield tag="653" ind1=" " ind2="7">
    <subfield code="a">Linking relief</subfield>
  </datafield>
  <datafield tag="653" ind1=" " ind2="7">
    <subfield code="a">Nichtregierungsorganisation</subfield>
  </datafield>
  <datafield tag="653" ind1=" " ind2="7">
    <subfield code="a">rehabilitation and development (LRRD)</subfield>
  </datafield>
  <datafield tag="700" ind1="1" ind2=" ">
    <subfield code="0">P:(DE-82)018877</subfield>
    <subfield code="a">Bruchhausen, Walter</subfield>
    <subfield code="b">1</subfield>
    <subfield code="e">Thesis advisor</subfield>
    <subfield code="u">rwth</subfield>
  </datafield>
  <datafield tag="700" ind1="1" ind2=" ">
    <subfield code="0">P:(DE-82)014917</subfield>
    <subfield code="a">Kuth, Nicole</subfield>
    <subfield code="b">2</subfield>
    <subfield code="e">Thesis advisor</subfield>
    <subfield code="u">rwth</subfield>
  </datafield>
  <datafield tag="787" ind1="0" ind2=" ">
    <subfield code="0">RWTH-2019-02129</subfield>
    <subfield code="i">RelatedTo</subfield>
  </datafield>
  <datafield tag="856" ind1="4" ind2=" ">
    <subfield code="u">http://publications.rwth-aachen.de/record/756332/files/756332.pdf</subfield>
    <subfield code="y">OpenAccess</subfield>
  </datafield>
  <datafield tag="856" ind1="4" ind2=" ">
    <subfield code="u">http://publications.rwth-aachen.de/record/756332/files/756332_source.doc</subfield>
    <subfield code="y">Restricted</subfield>
  </datafield>
  <datafield tag="856" ind1="4" ind2=" ">
    <subfield code="u">http://publications.rwth-aachen.de/record/756332/files/756332_source.docx</subfield>
    <subfield code="y">Restricted</subfield>
  </datafield>
  <datafield tag="856" ind1="4" ind2=" ">
    <subfield code="u">http://publications.rwth-aachen.de/record/756332/files/756332_source.odt</subfield>
    <subfield code="y">Restricted</subfield>
  </datafield>
  <datafield tag="856" ind1="4" ind2=" ">
    <subfield code="u">http://publications.rwth-aachen.de/record/756332/files/756332.gif?subformat=icon</subfield>
    <subfield code="x">icon</subfield>
    <subfield code="y">OpenAccess</subfield>
  </datafield>
  <datafield tag="856" ind1="4" ind2=" ">
    <subfield code="u">http://publications.rwth-aachen.de/record/756332/files/756332.jpg?subformat=icon-180</subfield>
    <subfield code="x">icon-180</subfield>
    <subfield code="y">OpenAccess</subfield>
  </datafield>
  <datafield tag="856" ind1="4" ind2=" ">
    <subfield code="u">http://publications.rwth-aachen.de/record/756332/files/756332.jpg?subformat=icon-700</subfield>
    <subfield code="x">icon-700</subfield>
    <subfield code="y">OpenAccess</subfield>
  </datafield>
  <datafield tag="909" ind1="C" ind2="O">
    <subfield code="o">oai:publications.rwth-aachen.de:756332</subfield>
    <subfield code="p">VDB</subfield>
    <subfield code="p">dnbdelivery</subfield>
    <subfield code="p">driver</subfield>
    <subfield code="p">open_access</subfield>
    <subfield code="p">openaire</subfield>
  </datafield>
  <datafield tag="910" ind1="1" ind2=" ">
    <subfield code="0">I:(DE-588b)36225-6</subfield>
    <subfield code="6">P:(DE-588)1177258455</subfield>
    <subfield code="a">RWTH Aachen</subfield>
    <subfield code="b">0</subfield>
    <subfield code="k">RWTH</subfield>
  </datafield>
  <datafield tag="910" ind1="1" ind2=" ">
    <subfield code="0">I:(DE-588b)36225-6</subfield>
    <subfield code="6">P:(DE-82)018877</subfield>
    <subfield code="a">RWTH Aachen</subfield>
    <subfield code="b">1</subfield>
    <subfield code="k">RWTH</subfield>
  </datafield>
  <datafield tag="910" ind1="1" ind2=" ">
    <subfield code="0">I:(DE-588b)36225-6</subfield>
    <subfield code="6">P:(DE-82)014917</subfield>
    <subfield code="a">RWTH Aachen</subfield>
    <subfield code="b">2</subfield>
    <subfield code="k">RWTH</subfield>
  </datafield>
  <datafield tag="914" ind1="1" ind2=" ">
    <subfield code="y">2019</subfield>
  </datafield>
  <datafield tag="915" ind1=" " ind2=" ">
    <subfield code="0">StatID:(DE-HGF)0510</subfield>
    <subfield code="2">StatID</subfield>
    <subfield code="a">OpenAccess</subfield>
  </datafield>
  <datafield tag="920" ind1="1" ind2=" ">
    <subfield code="0">I:(DE-82)524000-2_20140620</subfield>
    <subfield code="k">524000-2</subfield>
    <subfield code="l">Lehrstuhl für Geschichte und Ethik der Medizin</subfield>
    <subfield code="x">0</subfield>
  </datafield>
  <datafield tag="980" ind1="1" ind2=" ">
    <subfield code="a">FullTexts</subfield>
  </datafield>
  <datafield tag="980" ind1=" " ind2=" ">
    <subfield code="a">I:(DE-82)524000-2_20140620</subfield>
  </datafield>
  <datafield tag="980" ind1=" " ind2=" ">
    <subfield code="a">UNRESTRICTED</subfield>
  </datafield>
  <datafield tag="980" ind1=" " ind2=" ">
    <subfield code="a">VDB</subfield>
  </datafield>
  <datafield tag="980" ind1=" " ind2=" ">
    <subfield code="a">phd</subfield>
  </datafield>
</record>
</collection>